000 00285nam a22001337a 4500
003 SGT
020 _a9780143104094
082 _a954.04
_bCHA
100 _aCHANDRA BIPAN
245 _aINDIA SINCE INDEPENDENCE
260 _aGURUGRAM
_bPENGUIN
_c2008
300 _a772
942 _2ddc
_cBK
999 _c34432
_d34432